Reprezentacje UEFA, które wystąpiły na Mistrzostwach Świata - Statystyki

Ogólne statystyki
  • Ten quiz został rozwiązany 63 razy
  • Średni wynik to 33 z 38
Statystyki odpowiedzi
Ile razy? W jakich latach? Najlepszy wynik Reprezentacja % Poprawnych
16 1930, 1934, 1938, 1954, 1958, 1966, 1978, 1982, 1986, 1998, 2002, 2006, 2010, 2014, 2018, 2022 Mistrzostwo Francja
98%
16 1934, 1950, 1962, 1966, 1978, 1982, 1986, 1990, 1994, 1998, 2002, 2006, 2010, 2014, 2018, 2022 Mistrzostwo Hiszpania
96%
9 1938, 1974, 1978, 1982, 1986, 2002, 2006, 2018, 2022 3. miejsce Polska
96%
16 1950, 1954, 1958, 1962, 1966, 1970, 1982, 1986, 1990, 1998, 2002, 2006, 2010, 2014, 2018, 2022 Mistrzostwo Anglia
94%
3 1990, 1994, 2002 Ćwierćfinał Irlandia
94%
1 2010 1/8 finału Słowacja
94%
20 1934, 1938, 1954, 1958, 1962, 1966, 1970, 1974, 1978, 1982, 1986, 1990, 1994, 1998, 2002, 2006, 2010, 2014, 2018, 2022 Mistrzostwo Niemcy (w tym jako RFN)
94%
6 1998, 2002, 2006, 2014, 2018, 2022 2. miejsce Chorwacja
92%
6 1986, 1998, 2002, 2010, 2018, 2022 Ćwierćfinał Dania
92%
3 1938, 1994, 1998 1/8 finału Norwegia
92%
8 1966, 1986, 2002, 2006, 2010, 2014, 2018, 2022 3. miejsce Portugalia
92%
4 1994, 2002, 2014, 2018 Ćwierćfinał Rosja
92%
2 2002, 2010 Faza grupowa Słowenia
92%
18 1934, 1938, 1950, 1954, 1962, 1966, 1970, 1974, 1978, 1982, 1986, 1990, 1994, 1998, 2002, 2006, 2010, 2014 Mistrzostwo Włochy
92%
14 1930, 1934, 1938, 1954, 1970, 1982, 1986, 1990, 1994, 1998, 2002, 2014, 2018, 2022 3. miejsce Belgia
91%
1 2006 Faza grupowa Czechy
91%
3 1994, 2010, 2014 1/8 finału Grecja
91%
12 1934, 1938, 1950, 1958, 1970, 1974, 1978, 1990, 1994, 2002, 2006, 2018 2. miejsce Szwecja
91%
1 2006 Ćwierćfinał Ukraina
91%
9 1934, 1938, 1954, 1958, 1962, 1966, 1978, 1982, 1986 2. miejsce Węgry
91%
7 1934, 1954, 1958, 1978, 1982, 1990, 1998 3. miejsce Austria
89%
11 1934, 1938, 1974, 1978, 1990, 1994, 1998, 2006, 2010, 2014, 2022 2. miejsce Holandia
89%
3 2010, 2018, 2022 Faza grupowa Serbia
89%
8 1954, 1958, 1974, 1978, 1982, 1986, 1990, 1998 Faza grupowa Szkocja
89%
12 1934, 1938, 1950, 1954, 1962, 1966, 1994, 2006, 2010, 2014, 2018, 2022 Ćwierćfinał Szwajcaria
89%
2 1954, 2002 3. miejsce Turcja
89%
2 1958, 2022 Ćwierćfinał Walia
87%
1 2018 Faza grupowa Islandia
85%
7 1930, 1934, 1938, 1970, 1990, 1994, 1998 Ćwierćfinał Rumunia
85%
3 1958, 1982, 1986 Ćwierćfinał Irlandia Północna
83%
1 2014 Faza grupowa Bośnia i Hercegowina
81%
7 1962, 1966, 1970, 1974, 1986, 1994, 1998 4. miejsce Bułgaria
81%
8 1934, 1938, 1954, 1958, 1962, 1970, 1982, 1990 2. miejsce Czechosłowacja
81%
8 1930, 1950, 1954, 1958, 1962, 1974, 1982, 1990 4. miejsce Jugosławia
81%
7 1958, 1962, 1966, 1970, 1982, 1986, 1990 4. miejsce ZSRR
77%
1 1974 Ćwierćfinał NRD
74%
1 1970 Faza grupowa Izrael (wtedy jako członek AFC)
70%
2 1990, 2006 1/8 finału Serbia i Czarnogóra (w tym jako FR Jugosławii)
45%
Nie znaleziono quizów pasujących do podanych kryteriów
Rozkład punktacji
Procent ludzi z każdym wynikiem
Percentyl według liczby udzielonych odpowiedzi
Twoja historia wyników
Nie rozwiązałeś tego quizu